[Event "wyco2016"]
[Site "?"]
[Date "2016.07.23"]
[Round "2.25"]
[White "Michaelides, Konstantinos"]
[Black "Trzaskowska, Hanna"]
[Result "1-0"]
[BlackElo "1318"]
[WhiteElo "2154"]
[LiveChessVersion "1.4.6"]

1. e4 {[%clk 1:30:55]} e5 {[%clk 1:30:53]} 2. Nf3 {[%clk 1:31:20]} Nc6
{[%clk 1:31:18]} 3. d4 {[%clk 1:31:44]} exd4 {[%clk 1:31:37]} 4. Nxd4
{[%clk 1:32:12]} Nf6 {[%clk 1:31:52]} 5. Nxc6 {[%clk 1:32:37]} bxc6
{[%clk 1:32:17]} 6. Nc3 {[%clk 1:33:02]} Bb4 {[%clk 1:28:25]} 7. Bd3
{[%clk 1:33:27]} O-O {[%clk 1:17:30]} 8. O-O {[%clk 1:33:36]} h6 {[%clk 1:10:08]}
9. e5 {[%clk 1:30:58]} Nd5 {[%clk 1:04:26]} 10. Nxd5 {[%clk 1:30:03]} cxd5
{[%clk 1:04:50]} 11. Qg4 {[%clk 1:30:28]} Qe7 {[%clk 1:00:19]} 12. Bxh6
{[%clk 1:29:29]} Qxe5 {[%clk 1:00:07]} 13. Bxg7 {[%clk 1:29:33]} Qxg7
{[%clk 0:59:56]} 14. Qxb4 {[%clk 1:29:58]} d6 {[%clk 0:56:17]} 15. Qh4
{[%clk 1:21:54]} Re8 {[%clk 0:49:07]} 16. f4 {[%clk 1:18:05]} Re6
{[%clk 0:45:42]} 17. Rf3 {[%clk 1:16:51]} Rg6 {[%clk 0:33:50]} 18. Bxg6
{[%clk 1:16:51]} fxg6 {[%clk 0:34:14]} 19. c3 {[%clk 1:12:34]} Bf5
{[%clk 0:34:26]} 20. Re1 {[%clk 1:07:33]} Be4 {[%clk 0:33:38]} 21. Rg3
{[%clk 1:05:58]} Rf8 {[%clk 0:32:20]} 22. Rg4 {[%clk 0:59:30]} Qf6
{[%clk 0:27:22]} 23. Qxf6 {[%clk 0:56:44]} Rxf6 {[%clk 0:27:46]} 24. f5
{[%clk 0:56:43]} Bxf5 {[%clk 0:25:18]} 25. Ra4 {[%clk 0:55:27]} Rf7
{[%clk 0:12:34]} 26. Rxa7 {[%clk 0:55:47]} c5 {[%clk 0:11:25]} 27. Rxf7
{[%clk 0:56:11]} Kxf7 {[%clk 0:11:51]} 28. Rf1 {[%clk 0:55:34]} Ke6
{[%clk 0:11:31]} 29. Kf2 {[%clk 0:54:11]} d4 {[%clk 0:08:54]} 30. cxd4
{[%clk 0:54:36]} cxd4 {[%clk 0:09:17]} 31. Ke2 {[%clk 0:54:58]} Kd5
{[%clk 0:06:02]} 32. Rxf5+ {[%clk 0:55:14]} gxf5 {[%clk 0:06:27]} 33. Kd3
{[%clk 0:55:40]} Ke5 {[%clk 0:05:36]} 34. a4 {[%clk 0:56:02]} Kd5
{[%clk 0:04:59]} 35. h4 {[%clk 0:56:27]} Ke5 {[%clk 0:05:11]} 36. g3
{[%clk 0:56:44]} Kd5 {[%clk 0:03:51]} 37. h5 {[%clk 0:56:58]} Ke5
{[%clk 0:03:37]} 38. a5 {[%clk 0:57:23]} Kf6 {[%clk 0:03:53]} 39. a6
{[%clk 0:57:42]} Kg5 {[%clk 0:04:17]} 40. a7 {[%clk 0:58:03]} Kxh5
{[%clk 0:04:41]} 41. a8=Q {[%clk 0:58:23]} Kg4 {[%clk 0:04:45]} 42. Qg8+
{[%clk 0:58:41]} Kf3 {[%clk 0:05:05]} 43. Qg5 {[%clk 0:59:02]} d5
{[%clk 0:04:36]} 44. Qf4+ {[%clk 0:59:20]} Kg2 {[%clk 0:04:46]} 45. Kxd4
{[%clk 0:59:40]} Kh3 {[%clk 0:04:56]} 46. Kxd5 {[%clk 1:00:07]} Kg2
{[%clk 0:04:42]} 47. Qxf5 {[%clk 1:00:33]} Kxg3 {[%clk 0:05:04]} 48. Ke4
{[%clk 1:00:58]} Kh4 {[%clk 0:05:13]} 49. Qg6 {[%clk 1:01:18]} Kh3
{[%clk 0:05:33]} 50. Qg5 {[%clk 1:01:45]} Kh2 {[%clk 0:05:50]} 51. Qg4
{[%clk 1:02:11]} Kh1 {[%clk 0:06:12]} 52. Kf3 {[%clk 1:02:28]} 1-0

[Event "wyco2016"]
[Site "?"]
[Date "2016.07.23"]
[Round "2.26"]
[White "Hrymowicz, Artur"]
[Black "Hadjinicolaou, Andreas"]
[Result "1-0"]
[BlackElo "1618"]
[WhiteElo "1744"]
[LiveChessVersion "1.4.6"]

1. e4 {[%clk 1:30:59]} c5 {[%clk 1:30:50]} 2. Nf3 {[%clk 1:31:25]} Nc6
{[%clk 1:31:15]} 3. d4 {[%clk 1:31:51]} cxd4 {[%clk 1:31:41]} 4. Nxd4
{[%clk 1:32:17]} e5 {[%clk 1:32:06]} 5. Nb5 {[%clk 1:32:29]} d6 {[%clk 1:32:31]}
6. N1c3 {[%clk 1:32:46]} a6 {[%clk 1:32:53]} 7. Na3 {[%clk 1:33:11]} Be6
{[%clk 1:33:17]} 8. Nd5 {[%clk 1:31:37]} Bxd5 {[%clk 1:26:55]} 9. exd5
{[%clk 1:31:59]} Nce7 {[%clk 1:25:08]} 10. c4 {[%clk 1:30:35]} Qd7
{[%clk 1:19:29]} 11. Bd3 {[%clk 1:29:38]} Nf5 {[%clk 1:12:44]} 12. O-O
{[%clk 1:28:46]} Nf6 {[%clk 1:09:30]} 13. Qe1 {[%clk 1:17:41]} Nd4
{[%clk 0:43:33]} 14. f4 {[%clk 1:16:41]} O-O-O {[%clk 0:37:44]} 15. fxe5
{[%clk 1:13:58]} dxe5 {[%clk 0:29:53]} 16. Be3 {[%clk 1:11:24]} Kb8
{[%clk 0:24:12]} 17. Nc2 {[%clk 0:58:42]} Re8 {[%clk 0:13:13]} 18. Nxd4
{[%clk 0:56:04]} exd4 {[%clk 0:13:38]} 19. Qg3+ {[%clk 0:55:46]} Bd6
{[%clk 0:10:40]} 20. Bf4 {[%clk 0:55:19]} Bxf4 {[%clk 0:04:46]} 21. Qxf4+
{[%clk 0:55:47]} Qc7 {[%clk 0:03:36]} 22. Qxd4 {[%clk 0:56:06]} h5
{[%clk 0:02:29]} 23. Rae1 {[%clk 0:54:39]} Ng4 {[%clk 0:02:14]} 24. d6
{[%clk 0:53:58]} Qd7 {[%clk 0:01:26]} 25. c5 {[%clk 0:50:13]} Rh6
{[%clk 0:00:38]} 26. Bf5 {[%clk 0:50:13]} Qxf5 {[%clk 0:00:55]} 27. Rxe8+
{[%clk 0:50:26]} Qc8 {[%clk 0:01:08]} 28. Rxc8+ {[%clk 0:50:49]} Kxc8
{[%clk 0:01:31]} 29. Qxg7 {[%clk 0:50:41]} Rg6 {[%clk 0:00:53]} 30. Qf8+
{[%clk 0:51:05]} Kd7 {[%clk 0:00:57]} 31. Qxf7+ {[%clk 0:51:28]} 1-0

[Event "wyco2016"]
[Site "?"]
[Date "2016.07.23"]
[Round "2.27"]
[White "Theocharous, Mikis"]
[Black "Daliga, Anita"]
[Result "0-1"]
[BlackElo "1703"]
[WhiteElo "1604"]
[LiveChessVersion "1.4.6"]

1. e4 {[%clk 1:30:55]} e5 {[%clk 1:30:46]} 2. Nf3 {[%clk 1:31:15]} d5
{[%clk 1:30:39]} 3. exd5 {[%clk 1:16:57]} Bd6 {[%clk 1:29:37]} 4. Nc3
{[%clk 1:15:07]} Nf6 {[%clk 1:26:49]} 5. Bb5+ {[%clk 1:08:38]} Nbd7
{[%clk 1:18:46]} 6. d3 {[%clk 1:06:35]} h6 {[%clk 1:17:44]} 7. O-O
{[%clk 1:04:17]} O-O {[%clk 1:12:48]} 8. Re1 {[%clk 0:58:44]} Re8
{[%clk 1:08:42]} 9. Re2 {[%clk 0:49:45]} a6 {[%clk 1:02:16]} 10. Ba4
{[%clk 0:48:09]} b5 {[%clk 0:57:27]} 11. Bb3 {[%clk 0:46:42]} Nf8
{[%clk 0:56:48]} 12. Ne4 {[%clk 0:41:58]} Nxe4 {[%clk 0:54:14]} 13. dxe4
{[%clk 0:41:23]} Bg4 {[%clk 0:52:24]} 14. Qd3 {[%clk 0:36:51]} g5
{[%clk 0:46:30]} 15. c4 {[%clk 0:31:05]} bxc4 {[%clk 0:41:23]} 16. Bxc4
{[%clk 0:30:58]} Ng6 {[%clk 0:40:00]} 17. h3 {[%clk 0:29:31]} Bc8
{[%clk 0:38:41]} 18. Bd2 {[%clk 0:27:28]} Nf4 {[%clk 0:34:29]} 19. Bxf4
{[%clk 0:27:38]} gxf4 {[%clk 0:34:38]} 20. Rc1 {[%clk 0:26:13]} Kh7
{[%clk 0:33:20]} 21. Rec2 {[%clk 0:22:31]} Rg8 {[%clk 0:31:51]} 22. Kf1
{[%clk 0:22:31]} Qf6 {[%clk 0:29:48]} 23. Nh2 {[%clk 0:19:50]} Qg5
{[%clk 0:25:46]} 24. Qf3 {[%clk 0:19:59]} Rg7 {[%clk 0:23:48]} 25. Be2
{[%clk 0:16:03]} a5 {[%clk 0:22:34]} 26. Ng4 {[%clk 0:14:37]} Ba6
{[%clk 0:22:18]} 27. Bxa6 {[%clk 0:12:51]} Rxa6 {[%clk 0:22:44]} 28. Rc6
{[%clk 0:12:58]} Ra8 {[%clk 0:22:26]} 29. g3 {[%clk 0:10:27]} h5 {[%clk 0:15:57]}
30. Nh2 {[%clk 0:08:40]} fxg3 {[%clk 0:14:21]} 31. fxg3 {[%clk 0:05:49]} Kh6
{[%clk 0:09:16]} 32. g4 {[%clk 0:04:21]} Rag8 {[%clk 0:08:14]} 33. Qf5
{[%clk 0:03:36]} Qxf5+ {[%clk 0:04:38]} 34. exf5 {[%clk 0:04:05]} hxg4
{[%clk 0:04:15]} 35. hxg4 {[%clk 0:04:33]} Kg5 {[%clk 0:04:21]} 36. R6c4
{[%clk 0:03:25]} Rh7 {[%clk 0:04:12]} 37. R1c2 {[%clk 0:03:35]} Rb8
{[%clk 0:03:53]} 38. Nf3+ {[%clk 0:03:46]} Kf6 {[%clk 0:04:10]} 39. Kg2
{[%clk 0:03:14]} Rhh8 {[%clk 0:03:38]} 40. Ra4 {[%clk 0:02:57]} Rb5
{[%clk 0:03:47]} 41. Rcc4 {[%clk 0:03:02]} Rxb2+ {[%clk 0:03:55]} 42. Kg3
{[%clk 0:03:14]} e4+ {[%clk 0:04:11]} 43. Ne5 {[%clk 0:02:54]} Bxe5# 0-1

[Event "wyco2016"]
[Site "?"]
[Date "2016.07.23"]
[Round "2.28"]
[White "Zarebska, Lena"]
[Black "Charalambous, Charalambos"]
[Result "1/2-1/2"]
[BlackElo "1593"]
[WhiteElo "1406"]
[LiveChessVersion "1.4.6"]

1. e4 {[%clk 1:30:57]} c5 {[%clk 1:30:57]} 2. Nf3 {[%clk 1:31:10]} Nc6
{[%clk 1:31:19]} 3. Nc3 {[%clk 1:31:19]} e6 {[%clk 1:31:14]} 4. d4
{[%clk 1:31:30]} cxd4 {[%clk 1:31:18]} 5. Nxd4 {[%clk 1:31:53]} Be7
{[%clk 1:30:56]} 6. Be3 {[%clk 1:31:54]} Nf6 {[%clk 1:30:52]} 7. Be2
{[%clk 1:31:27]} O-O {[%clk 1:30:36]} 8. Qd2 {[%clk 1:28:59]} a6 {[%clk 1:20:53]}
9. f3 {[%clk 1:25:23]} b5 {[%clk 1:14:09]} 10. O-O {[%clk 1:23:36]} Bb7
{[%clk 1:11:18]} 11. a4 {[%clk 1:11:53]} b4 {[%clk 0:58:50]} 12. Na2
{[%clk 1:11:45]} Nxd4 {[%clk 0:48:15]} 13. Bxd4 {[%clk 1:12:00]} a5
{[%clk 0:48:35]} 14. Nc1 {[%clk 1:11:11]} Qc7 {[%clk 0:43:31]} 15. c3
{[%clk 1:09:21]} bxc3 {[%clk 0:39:38]} 16. Bxc3 {[%clk 1:09:18]} Bc5+
{[%clk 0:37:50]} 17. Kh1 {[%clk 1:09:11]} Bb6 {[%clk 0:37:31]} 18. Bd3
{[%clk 0:57:03]} d5 {[%clk 0:33:07]} 19. Bxf6 {[%clk 0:55:59]} gxf6
{[%clk 0:33:21]} 20. Qh6 {[%clk 0:56:11]} Qe7 {[%clk 0:32:16]} 21. exd5
{[%clk 0:56:06]} f5 {[%clk 0:31:56]} 22. dxe6 {[%clk 0:56:19]} Qxe6
{[%clk 0:32:16]} 23. Qg5+ {[%clk 0:56:03]} Qg6 {[%clk 0:32:25]} 24. Qxf5
{[%clk 0:56:06]} Qxf5 {[%clk 0:30:55]} 25. Bxf5 {[%clk 0:56:30]} Bd4
{[%clk 0:31:19]} 26. Nd3 {[%clk 0:55:55]} Ba6 {[%clk 0:31:03]} 27. Rfd1
{[%clk 0:52:26]} Bxd3 {[%clk 0:29:37]} 28. Bxd3 {[%clk 0:52:48]} Bxb2
{[%clk 0:29:53]} 29. Rab1 {[%clk 0:53:12]} Rab8 {[%clk 0:29:22]} 30. Bb5
{[%clk 0:50:06]} Rfd8 {[%clk 0:26:24]} 31. g3 Rxd1+ {[%clk 0:23:09]} 32. Rxd1
{[%clk 0:39:11]} Rc8 {[%clk 0:23:33]} 33. f4 {[%clk 0:37:59]} Rc1
{[%clk 0:22:20]} 34. Rxc1 {[%clk 0:38:15]} Bxc1 {[%clk 0:22:43]} 35. Kg2
{[%clk 0:38:30]} Kg7 {[%clk 0:23:09]} 36. Kf3 {[%clk 0:38:35]} f5
{[%clk 0:23:22]} 37. Bd3 {[%clk 0:38:22]} Kf6 {[%clk 0:23:41]} 38. h3
{[%clk 0:38:02]} h6 {[%clk 0:24:00]} 39. Bc2 {[%clk 0:35:33]} Bd2
{[%clk 0:23:47]} 40. Ke2 {[%clk 0:32:11]} Bc1 {[%clk 0:24:08]} 41. Bd3
{[%clk 0:31:21]} Bb2 {[%clk 0:23:31]} 42. Bc2 {[%clk 0:29:37]} Bc1
{[%clk 0:23:55]} 43. Kf3 {[%clk 0:28:34]} Bd2 {[%clk 0:24:14]} 44. g4
{[%clk 0:26:53]} fxg4+ {[%clk 0:24:33]} 45. hxg4 {[%clk 0:27:07]} Bc1
{[%clk 0:24:56]} 46. Bd1 Bd2 1/2-1/2

[Event "wyco2016"]
[Site "?"]
[Date "2016.07.23"]
[Round "2.29"]
[White "Kostolansky, Sebastian Lukas"]
[Black "Walter, Szymon"]
[Result "0-1"]
[BlackElo "2206"]
[WhiteElo "1962"]
[LiveChessVersion "1.4.6"]

1. e4 {[%clk 1:30:49]} c5 {[%clk 1:30:38]} 2. Nf3 {[%clk 1:30:10]} Nc6
{[%clk 1:30:21]} 3. d4 {[%clk 1:29:02]} cxd4 {[%clk 1:30:24]} 4. Nxd4
{[%clk 1:29:23]} g6 {[%clk 1:28:32]} 5. Nc3 {[%clk 1:27:51]} Bg7 {[%clk 1:28:09]}
6. Be3 {[%clk 1:27:07]} d6 {[%clk 1:24:35]} 7. Bc4 {[%clk 1:15:47]} Nf6
{[%clk 1:21:28]} 8. f3 {[%clk 0:54:21]} O-O {[%clk 1:20:25]} 9. Qd2
{[%clk 0:54:31]} Bd7 {[%clk 1:18:02]} 10. O-O-O {[%clk 0:54:37]} Rc8
{[%clk 1:15:16]} 11. Bb3 {[%clk 0:53:26]} Nxd4 {[%clk 1:14:31]} 12. Bxd4
{[%clk 0:52:41]} b5 {[%clk 1:14:08]} 13. e5 {[%clk 0:34:48]} dxe5
{[%clk 0:50:44]} 14. Bxe5 {[%clk 0:26:51]} Bc6 {[%clk 0:45:30]} 15. Qxd8
{[%clk 0:19:33]} Rfxd8 {[%clk 0:45:45]} 16. Kb1 {[%clk 0:15:36]} b4
{[%clk 0:43:50]} 17. Ne2 {[%clk 0:10:38]} a5 {[%clk 0:35:47]} 18. c3
{[%clk 0:09:05]} a4 {[%clk 0:27:32]} 19. Bc2 {[%clk 0:08:40]} Nd5
{[%clk 0:26:35]} 20. Bxg7 {[%clk 0:07:43]} Kxg7 {[%clk 0:26:57]} 21. Be4
{[%clk 0:05:43]} bxc3 {[%clk 0:20:13]} 22. Bxd5 {[%clk 0:05:17]} c2+
{[%clk 0:20:11]} 23. Kxc2 {[%clk 0:05:41]} Bxd5+ {[%clk 0:20:32]} 24. Kb1
{[%clk 0:05:45]} Bc4 {[%clk 0:19:17]} 25. Nc3 {[%clk 0:05:07]} Bd3+
{[%clk 0:18:18]} 26. Ka1 {[%clk 0:04:49]} Bc2 {[%clk 0:13:22]} 27. Rxd8
{[%clk 0:04:42]} Rxd8 {[%clk 0:13:48]} 28. Re1 {[%clk 0:05:03]} Rd2
{[%clk 0:11:58]} 29. Re2 {[%clk 0:04:46]} Rxe2 {[%clk 0:12:18]} 30. Nxe2
{[%clk 0:05:10]} Kf6 {[%clk 0:12:15]} 31. Nd4 {[%clk 0:03:52]} Bd3
{[%clk 0:12:02]} 32. Nc6 {[%clk 0:02:48]} Bf1 {[%clk 0:11:25]} 33. g3
{[%clk 0:02:57]} Bg2 {[%clk 0:11:21]} 34. Kb1 {[%clk 0:02:29]} Bxf3
{[%clk 0:11:38]} 35. Nd4 {[%clk 0:02:49]} Bd5 {[%clk 0:11:30]} 36. a3
{[%clk 0:01:37]} Ke5 {[%clk 0:11:32]} 37. Ne2 {[%clk 0:01:36]} f5
{[%clk 0:11:12]} 38. Kc2 {[%clk 0:01:43]} g5 {[%clk 0:10:56]} 39. Nc3
{[%clk 0:01:22]} Bc6 {[%clk 0:10:58]} 40. Kd3 {[%clk 0:01:33]} f4
{[%clk 0:10:51]} 41. Nd1 {[%clk 0:00:57]} Kf5 {[%clk 0:10:19]} 42. Nf2
{[%clk 0:00:59]} h5 {[%clk 0:10:13]} 43. gxf4 {[%clk 0:00:53]} gxf4
{[%clk 0:10:15]} 44. Ke2 {[%clk 0:00:56]} e5 {[%clk 0:10:37]} 45. Kd2
{[%clk 0:00:59]} e4 {[%clk 0:10:57]} 46. Nd1 {[%clk 0:01:08]} Kg4
{[%clk 0:11:13]} 47. Ke2 {[%clk 0:01:21]} Bb5+ {[%clk 0:11:10]} 48. Kf2
{[%clk 0:01:14]} e3+ {[%clk 0:11:32]} 49. Ke1 {[%clk 0:01:03]} Kh3
{[%clk 0:11:28]} 50. Nc3 {[%clk 0:01:22]} Bc6 {[%clk 0:11:38]} 51. Nd1
{[%clk 0:01:10]} Kxh2 {[%clk 0:11:54]} 52. Ke2 {[%clk 0:01:30]} Kg3
{[%clk 0:12:16]} 53. Nc3 {[%clk 0:01:42]} h4 {[%clk 0:12:38]} 54. Kf1
{[%clk 0:01:59]} f3 {[%clk 0:12:58]} 0-1

[Event "wyco2016"]
[Site "?"]
[Date "2016.07.23"]
[Round "2.30"]
[White "Garbowski, Jakub"]
[Black "Sandor, Martin"]
[Result "1-0"]
[BlackElo "1763"]
[WhiteElo "2102"]
[LiveChessVersion "1.4.6"]

1. e4 {[%clk 1:30:58]} c5 {[%clk 1:30:49]} 2. Nf3 {[%clk 1:31:19]} d6
{[%clk 1:31:10]} 3. d4 {[%clk 1:31:40]} cxd4 {[%clk 1:31:31]} 4. Nxd4
{[%clk 1:31:58]} Nf6 {[%clk 1:31:49]} 5. Nc3 {[%clk 1:32:16]} a6 {[%clk 1:32:10]}
6. Be3 {[%clk 1:32:12]} e5 {[%clk 1:30:28]} 7. Nb3 {[%clk 1:31:44]} Be6
{[%clk 1:30:07]} 8. f3 {[%clk 1:31:12]} Be7 {[%clk 1:30:03]} 9. Qd2
{[%clk 1:30:37]} Qc7 {[%clk 1:27:39]} 10. O-O-O {[%clk 1:28:22]} b5
{[%clk 1:24:28]} 11. g4 {[%clk 1:22:45]} Nbd7 {[%clk 1:21:16]} 12. g5
{[%clk 1:17:42]} Nh5 {[%clk 1:19:42]} 13. Nd5 {[%clk 1:16:29]} Bxd5
{[%clk 1:19:27]} 14. exd5 {[%clk 1:16:39]} Nb6 {[%clk 1:06:53]} 15. Na5
{[%clk 1:12:38]} Rc8 {[%clk 1:00:31]} 16. Kb1 {[%clk 1:07:30]} f5
{[%clk 0:49:43]} 17. gxf6 {[%clk 0:59:57]} Nxf6 {[%clk 0:47:59]} 18. Bh3
{[%clk 0:59:24]} Nbd7 {[%clk 0:45:37]} 19. Be6 {[%clk 0:57:47]} Rb8
{[%clk 0:42:33]} 20. Nc6 {[%clk 0:51:31]} Ra8 {[%clk 0:41:21]} 21. Qg2
{[%clk 0:49:43]} Bf8 {[%clk 0:39:17]} 22. Rhe1 {[%clk 0:46:12]} Nc5
{[%clk 0:35:52]} 23. Bxc5 {[%clk 0:43:04]} dxc5 {[%clk 0:35:19]} 24. Rxe5
{[%clk 0:43:10]} Bd6 {[%clk 0:34:43]} 25. Rg5 {[%clk 0:41:58]} Kf8
{[%clk 0:34:34]} 26. Rg1 {[%clk 0:40:54]} g6 {[%clk 0:34:16]} 27. Rxg6
{[%clk 0:40:18]} 1-0

[Event "wyco2016"]
[Site "?"]
[Date "2016.07.23"]
[Round "2.31"]
[White "Vozarova, Adriana"]
[Black "Antolak, Julia"]
[Result "0-1"]
[BlackElo "2059"]
[WhiteElo "1561"]
[LiveChessVersion "1.4.6"]

1. e4 {[%clk 1:30:58]} c5 {[%clk 1:30:50]} 2. Nf3 {[%clk 1:31:21]} e6
{[%clk 1:31:13]} 3. d4 {[%clk 1:31:40]} cxd4 {[%clk 1:31:36]} 4. Nxd4
{[%clk 1:32:04]} Nf6 {[%clk 1:32:00]} 5. Nc3 {[%clk 1:32:21]} d6 {[%clk 1:32:26]}
6. Be3 {[%clk 1:31:56]} a6 {[%clk 1:32:32]} 7. f3 {[%clk 1:32:00]} b5
{[%clk 1:32:41]} 8. Qd2 {[%clk 1:30:22]} Nbd7 {[%clk 1:30:21]} 9. g4
{[%clk 1:27:58]} Nb6 {[%clk 1:28:32]} 10. O-O-O {[%clk 1:24:27]} Nfd7
{[%clk 1:25:31]} 11. f4 {[%clk 1:21:36]} Bb7 {[%clk 1:18:22]} 12. Rg1
{[%clk 1:12:34]} b4 {[%clk 1:14:39]} 13. Nce2 {[%clk 1:03:38]} Bxe4
{[%clk 1:09:36]} 14. Ng3 {[%clk 1:00:05]} Bb7 {[%clk 1:08:45]} 15. g5
{[%clk 0:57:47]} Qc7 {[%clk 1:05:46]} 16. Kb1 {[%clk 0:54:43]} Nd5
{[%clk 1:03:28]} 17. Bf2 {[%clk 0:51:20]} Rb8 {[%clk 0:59:12]} 18. h4
{[%clk 0:46:46]} g6 {[%clk 0:51:52]} 19. h5 {[%clk 0:44:54]} e5 {[%clk 0:49:40]}
20. fxe5 {[%clk 0:41:41]} dxe5 {[%clk 0:50:01]} 21. Re1 {[%clk 0:36:26]} Be7
{[%clk 0:47:08]} 22. Bg2 {[%clk 0:32:22]} Nc3+ {[%clk 0:44:19]} 23. bxc3
{[%clk 0:30:11]} bxc3 {[%clk 0:44:11]} 24. Qe3 {[%clk 0:29:56]} Bxg2+
{[%clk 0:43:51]} 25. Ka1 {[%clk 0:29:52]} Bd5 {[%clk 0:43:52]} 26. Nb3
{[%clk 0:19:12]} a5 {[%clk 0:40:19]} 27. Ne2 {[%clk 0:15:17]} a4 {[%clk 0:35:14]}
28. Nxc3 {[%clk 0:14:19]} axb3 {[%clk 0:34:48]} 29. cxb3 {[%clk 0:12:27]} Be6
{[%clk 0:34:01]} 0-1

[Event "wyco2016"]
[Site "?"]
[Date "2016.07.23"]
[Round "2.32"]
[White "Szmer, Aleksander"]
[Black "Petrek, David"]
[Result "1-0"]
[BlackElo "1548"]
[WhiteElo "1808"]
[LiveChessVersion "1.4.6"]

1. d4 {[%clk 1:30:56]} Nf6 {[%clk 1:30:39]} 2. Nc3 {[%clk 1:31:20]} g6
{[%clk 1:30:57]} 3. e4 {[%clk 1:31:49]} Bg7 {[%clk 1:30:49]} 4. e5
{[%clk 1:32:14]} Ng8 {[%clk 1:30:30]} 5. Nf3 {[%clk 1:30:07]} d6 {[%clk 1:30:43]}
6. Bf4 {[%clk 1:28:35]} Nc6 {[%clk 1:20:00]} 7. Bb5 {[%clk 1:26:21]} Bd7
{[%clk 1:15:15]} 8. Qe2 {[%clk 1:23:02]} dxe5 {[%clk 1:14:54]} 9. dxe5
{[%clk 1:22:07]} Nh6 {[%clk 1:14:21]} 10. Rd1 {[%clk 1:13:48]} e6
{[%clk 1:09:50]} 11. Ne4 {[%clk 1:12:23]} Nf5 {[%clk 1:09:22]} 12. Bxc6
{[%clk 1:12:22]} bxc6 {[%clk 1:09:37]} 13. Nc5 {[%clk 1:12:42]} Qe7
{[%clk 1:08:30]} 14. Nxd7 {[%clk 1:12:43]} Rd8 {[%clk 1:08:45]} 15. Bg5
{[%clk 1:12:16]} Qxd7 {[%clk 1:07:53]} 16. Rxd7 {[%clk 1:12:27]} Rxd7
{[%clk 1:08:17]} 17. O-O {[%clk 1:12:43]} O-O {[%clk 1:08:33]} 18. Bf6
{[%clk 1:13:06]} Bxf6 {[%clk 1:08:49]} 19. exf6 {[%clk 1:13:35]} Rfd8
{[%clk 1:08:52]} 20. g4 {[%clk 1:13:38]} Nh6 {[%clk 1:08:40]} 21. h3
{[%clk 1:13:53]} Rb8 {[%clk 1:08:50]} 22. Rd1 {[%clk 1:14:09]} Rxd1+
{[%clk 1:09:03]} 23. Qxd1 {[%clk 1:14:38]} Rxb2 {[%clk 1:09:20]} 24. Qd8# 1-0

[Event "wyco2016"]
[Site "?"]
[Date "2016.07.23"]
[Round "2.33"]
[White "Stefansson, Vignir Vatnar"]
[Black "Ihnat, Marek"]
[Result "1-0"]
[BlackElo "1827"]
[WhiteElo "2171"]
[LiveChessVersion "1.4.6"]

1. c4 {[%clk 1:30:56]} Nf6 {[%clk 1:30:46]} 2. g3 {[%clk 1:31:07]} g6
{[%clk 1:29:33]} 3. Nc3 {[%clk 1:31:15]} d5 {[%clk 1:26:58]} 4. cxd5
{[%clk 1:31:00]} Nxd5 {[%clk 1:27:13]} 5. Bg2 {[%clk 1:31:04]} Nxc3
{[%clk 1:25:31]} 6. bxc3 {[%clk 1:31:21]} Bg7 {[%clk 1:25:04]} 7. Rb1
{[%clk 1:29:01]} c6 {[%clk 1:24:06]} 8. Nf3 {[%clk 1:28:58]} O-O {[%clk 1:23:07]}
9. O-O {[%clk 1:27:22]} Qc7 {[%clk 1:21:29]} 10. c4 {[%clk 1:23:03]} Nd7
{[%clk 1:13:16]} 11. d4 {[%clk 1:15:09]} Rd8 {[%clk 1:07:02]} 12. Qb3
{[%clk 1:12:22]} b6 {[%clk 0:49:57]} 13. Bf4 {[%clk 1:12:34]} e5 {[%clk 0:47:56]}
14. Nxe5 {[%clk 1:12:00]} Nxe5 {[%clk 0:47:17]} 15. dxe5 {[%clk 1:12:01]} Be6
{[%clk 0:44:02]} 16. Qc3 {[%clk 1:12:10]} Rac8 {[%clk 0:40:12]} 17. Bg5
{[%clk 1:05:17]} Rd7 {[%clk 0:37:24]} 18. Bf6 {[%clk 1:03:47]} Bxf6
{[%clk 0:27:45]} 19. exf6 {[%clk 1:04:15]} Qd8 {[%clk 0:27:52]} 20. Qe5
{[%clk 0:53:07]} Rd2 {[%clk 0:18:29]} 21. Rbc1 {[%clk 0:50:02]} Rxa2
{[%clk 0:15:01]} 22. Qf4 {[%clk 0:49:41]} Rxe2 {[%clk 0:07:07]} 23. Rfd1
{[%clk 0:50:06]} Qf8 {[%clk 0:07:10]} 24. Ra1 {[%clk 0:50:25]} a5
{[%clk 0:04:00]} 25. Rab1 {[%clk 0:50:34]} Rc2 {[%clk 0:03:37]} 26. Bf1
{[%clk 0:49:25]} Qc5 {[%clk 0:02:36]} 27. Rd4 {[%clk 0:49:04]} b5
{[%clk 0:00:32]} 28. Rbd1 {[%clk 0:49:13]} Qf8 {[%clk 0:00:37]} 29. cxb5
{[%clk 0:48:49]} cxb5 {[%clk 0:00:57]} 30. Bxb5 {[%clk 0:49:07]} R2c5
{[%clk 0:00:41]} 31. Ba6 {[%clk 0:48:56]} Ra8 {[%clk 0:00:33]} 32. Bb7
{[%clk 0:49:25]} Re8 {[%clk 0:00:39]} 33. g4 {[%clk 0:49:37]} h6 {[%clk 0:00:34]}
34. h3 {[%clk 0:49:49]} Kh7 {[%clk 0:00:38]} 35. Be4 {[%clk 0:50:00]} Rc4
{[%clk 0:00:32]} 36. Rxc4 {[%clk 0:44:34]} Bxc4 {[%clk 0:00:58]} 37. Rd7
{[%clk 0:44:37]} Qg8 {[%clk 0:00:35]} 38. h4 {[%clk 0:44:30]} Be6
{[%clk 0:00:32]} 39. Ra7 {[%clk 0:44:58]} Rc8 {[%clk 0:00:32]} 40. h5
{[%clk 0:45:15]} Kh8 {[%clk 0:00:33]} 41. hxg6 {[%clk 0:45:28]} 1-0

[Event "wyco2016"]
[Site "?"]
[Date "2016.07.23"]
[Round "2.34"]
[White "Ondo, Tomas"]
[Black "Birkisson, Bardur Orn"]
[Result "0-1"]
[BlackElo "2048"]
[WhiteElo "1795"]
[LiveChessVersion "1.4.6"]

1. e4 {[%clk 1:30:56]} g6 {[%clk 1:30:51]} 2. d4 {[%clk 1:30:59]} Bg7
{[%clk 1:31:08]} 3. Nf3 {[%clk 1:31:09]} c6 {[%clk 1:29:48]} 4. c3
{[%clk 1:27:34]} d5 {[%clk 1:29:25]} 5. exd5 {[%clk 1:25:31]} cxd5
{[%clk 1:29:34]} 6. Bd3 {[%clk 1:25:05]} Nf6 {[%clk 1:27:10]} 7. O-O
{[%clk 1:23:26]} O-O {[%clk 1:24:30]} 8. Bf4 {[%clk 1:17:22]} Nc6
{[%clk 1:23:10]} 9. Nbd2 {[%clk 1:16:05]} Bg4 {[%clk 1:15:34]} 10. h3
{[%clk 1:06:11]} Bxf3 {[%clk 1:15:10]} 11. Nxf3 {[%clk 1:01:55]} Re8
{[%clk 1:12:45]} 12. Re1 {[%clk 0:59:12]} Nd7 {[%clk 1:10:01]} 13. Bc2
{[%clk 0:46:46]} b5 {[%clk 1:06:55]} 14. Bb3 {[%clk 0:41:55]} Nf6
{[%clk 1:05:08]} 15. Ne5 {[%clk 0:39:02]} Qb6 {[%clk 0:57:38]} 16. Nxc6
{[%clk 0:29:50]} Qxc6 {[%clk 0:57:52]} 17. a4 {[%clk 0:29:01]} Nd7
{[%clk 0:50:58]} 18. axb5 {[%clk 0:22:38]} Qxb5 {[%clk 0:49:56]} 19. Ba4
{[%clk 0:21:58]} Qb7 {[%clk 0:50:17]} 20. Bxd7 {[%clk 0:20:24]} Qxd7
{[%clk 0:50:40]} 21. Qa4 {[%clk 0:19:55]} Qb7 {[%clk 0:50:23]} 22. Rab1
{[%clk 0:15:40]} e6 {[%clk 0:50:01]} 23. Qc2 {[%clk 0:10:30]} Rec8
{[%clk 0:49:32]} 24. Qd3 {[%clk 0:10:57]} a5 {[%clk 0:48:10]} 25. Rec1
{[%clk 0:08:14]} Qb3 {[%clk 0:47:51]} 26. Qd1 {[%clk 0:04:09]} Qb5
{[%clk 0:46:20]} 27. Qf1 {[%clk 0:03:28]} Qc6 {[%clk 0:46:04]} 28. Qd3
{[%clk 0:02:34]} a4 {[%clk 0:46:14]} 29. Ra1 {[%clk 0:01:34]} Bf8
{[%clk 0:41:02]} 30. Bd2 {[%clk 0:00:55]} Rcb8 {[%clk 0:40:01]} 31. Rcb1
{[%clk 0:00:55]} Rb3 {[%clk 0:40:10]} 32. Qe2 {[%clk 0:00:42]} Qb7
{[%clk 0:40:02]} 33. Bc1 {[%clk 0:00:34]} a3 {[%clk 0:40:01]} 34. Ra2
{[%clk 0:00:45]} Rxc3 {[%clk 0:40:01]} 35. Bd2 {[%clk 0:00:40]} Rc2
{[%clk 0:39:08]} 36. Qd3 {[%clk 0:00:59]} Rxb2 {[%clk 0:39:10]} 37. Raxb2
{[%clk 0:00:32]} axb2 {[%clk 0:36:30]} 38. Bc3 {[%clk 0:00:34]} Ba3
{[%clk 0:36:12]} 39. Kf1 {[%clk 0:00:36]} Qb3 {[%clk 0:36:02]} 40. Ke2
{[%clk 0:00:42]} Rc8 {[%clk 0:36:09]} 41. Kd2 {[%clk 0:00:48]} Rxc3
{[%clk 0:36:29]} 0-1